Statistics for Ed Sheeran songs

Click here to take the quiz!

General Stats

  • This quiz has been taken 70 times
    (69 since last reset)
  • The average score is 19 of 32

Answer Stats

Hint Answer % Correct
xSing
85%
xPhotograph
84%
xDon't
84%
+Lego House
82%
xThinking out Loud
82%
xOne
80%
+Give Me love
80%
+You Need Me, I Don't Need You
80%
+The A Team
78%
+Small Bump
75%
xI See Fire
69%
xI'm A Mess
69%
xTenerife Sea
69%
xBloodstream
69%
+Grade 8
67%
xNina
64%
+Kiss Me
62%
+Drunk
60%
xThe Man
60%
+U.N.I
56%
xRunaway
53%
+Little Bird
51%
+The City
51%
+Wake Me Up
47%
+Gold Rush
44%
+Autumn Leaves
44%
+This
42%
xTake It Back
42%
xShirtsleeves
38%
+Sunburn
35%
xAlfire Love
2%
xEven My Dead Does Sometimes
0%

Score Distribution

Percentile by Number Answered

Percent of People with Each Score

Your Score History

You have not taken this quiz since the last reset